| 000 | 00000nam##2200000za#4500 |
| 001 | 9.686947 |
| 003 | CaOODSP |
| 005 | 20210624230747 |
| 007 | cr ||||||||||| |
| 008 | 150407|2004||||xxc|||||o f|0| 0 eng|d |
| 020 | |a0-662-36713-8 |
| 040 | |aCaOODSP|beng |
| 043 | |an-cn--- |
| 086 | 1 |aSW21-111/2004E-PDF |
| 110 | 1 |aCanada. |bStatus of Women Canada. |
| 245 | 10|aEngendering Canadian trade policy : |h[electronic resource]|ba case study of labour mobility in trade agreements / |cby Chantal Blouin ... [et al.] |
| 260 | |aOttawa - Ontario : |bStatus of Women Canada |c2004. |
| 300 | |a143p. |
| 520 | 3 |aThis study examines Canada's commitments under labour mobility agreements associated with the North American Free Trade Agreement (Chapter 16) and the General Agreement on Trade in Services (mode 4) from a gender equality perspective. |
| 590 | |a06-10-Supp|b2006-12-15 |
| 690 | 07|aGender equality|2gcpds |
| 690 | 07|aLabour mobility|2gcpds |
| 690 | 07|aTrade agreements|2gcpds |
| 690 | 07|aTrade policy|2gcpds |
| 720 | 1 |aBlouin, Chantal |
| 775 | 08|tIntégration des considérations liées à l'égalité entre les sexes dans la politique commerciale du Canada : |w(CaOODSP)9.631411 |
| 776 | 0#|tEngendering Canadian trade policy : |w(CaOODSP)9.665455 |
| 776 | 0#|tIntégration des considérations liées à l'égalité entre les sexes dans la politique commerciale du Canada : |w(CaOODSP)9.665456 |
| 856 | 40|ahttp://publications.gc.ca|qPDF|s693 KB|uhttps://publications.gc.ca/collections/Collection/SW21-111-2004E.pdf |